[Event "Norderstedt IM"]
[Site "Norderstedt"]
[Date "1998.10.14"]
[Round "8"]
[White "Velicka, Petr"]
[Black "Petrosian, Suren"]
[Result "1/2-1/2"]
[WhiteElo "2465"]
[BlackElo "2375"]
[Annotator "Velicka,P"]
[PlyCount "78"]
[EventDate "1998.10.??"]
[EventType "tourn"]
[EventRounds "11"]
[EventCountry "GER"]
[EventCategory "4"]
[SourceTitle "EXT 2004"]
[Source "ChessBase"]
[SourceDate "2003.11.25"]
[SourceVersion "1"]
[SourceVersionDate "2003.11.25"]
[SourceQuality "1"]

1. e4 e6 2. d4 d5 3. Nc3 Nf6 4. Bg5 Bb4 5. e5 h6 6. Bd2 (6. exf6 $6 hxg5 7.
fxg7 Rg8 {ist in Ordnung für Schwarz.}) 6... Bxc3 7. bxc3 {Keinen Sinn macht} (
7. Bxc3 $6 Ne4 8. Bd2 (8. Bb4 c5 $1 9. Bxc5 Nxc5 10. dxc5 $11) 8... Nxd2 9.
Qxd2 c5 $11) 7... Ne4 8. Qg4 $5 g6 9. Bd3 Nxd2 10. Kxd2 c5 11. Nf3 Bd7 $5 12.
dxc5 Qe7 13. Nd4 Qxc5 14. Rab1 b6 15. Nb5 Bxb5 16. Bxb5+ Nd7 17. Qf4 Qe7 18. h4
$5 {Ein starker Zug: Weiss deckt erstens g5 gegen Damentausch und öffnet
zweitens dem Th1 den Weg.} (18. Qa4 Kd8 19. Bc6 Nc5 $1) 18... O-O-O $5 19. a4
Nc5 20. Bd3 Kc7 21. a5 $1 Rb8 22. Rb5 g5 $1 {Schwarz mußte schnell reagieren,
sonst entscheidet der Druck auf der b-Linie.} 23. Qb4 gxh4 24. axb6+ axb6 25.
Rb1 Qg5+ 26. Kd1 Qxe5 $1 27. Rxb6 Nd7 28. Rb7+ Rxb7 29. Qxb7+ Kd8 30. Bb5 Qc7
31. Bxd7 Kxd7 32. Qa6 Rb8 33. Qa4+ Ke7 34. Qxh4+ Ke8 35. Qa4+ Ke7 36. Qh4+ Ke8
37. Rxb8+ Qxb8 38. Qxh6 Qb1+ 39. Qc1 Qb5 {SM64/21/98} 1/2-1/2

[Event "Ordzhonikidze zt 1.9"]
[Site "Ordzhonikidze"]
[Date "2000.06.14"]
[Round "6"]
[White "Rogovski, Vladimir"]
[Black "Vysochin, Spartak"]
[Result "0-1"]
[WhiteElo "2466"]
[BlackElo "2494"]
[Annotator "Wells,P"]
[PlyCount "78"]
[EventDate "2000.06.09"]
[EventType "swiss"]
[EventRounds "9"]
[EventCountry "UKR"]
[SourceTitle "CBM 078"]
[Source "ChessBase"]
[SourceDate "2000.10.18"]
[SourceVersion "1"]
[SourceVersionDate "2000.10.18"]
[SourceQuality "1"]

1. e4 e6 2. d4 d5 3. Nc3 Nf6 4. Bg5 Bb4 5. e5 h6 6. Be3 Ne4 7. a3 Bxc3+ 8. bxc3
Nxc3 9. Qg4 g6 10. Bd3 Nc6 11. Nf3 Qe7 12. Bd2 Na4 13. Bb5 Nb6 14. Bxc6+ bxc6
15. Bb4 {[%csl Yb4] For his pawn white has got himself a very fine piece.
Watch it! Its fate is the key to assessingwhat is going on.} Qd8 16. a4 a5 17.
Bc5 Ba6 18. h4 Nd7 19. Ba3 Rb8 20. Qf4 c5 $1 {[%cal Ga3c5] The first step. The
pernicious bishop is neutralised.} 21. dxc5 c6 22. Rh3 Qc7 23. Rg3 Rb7 24. Kd2
Qb8 25. Re1 Qa7 26. Qe3 Bc4 27. Nh2 {[%cal Yh2g4,Yg4f6] There are some very
good things about black's position. The bishop on c4 could be one of them, but
is at risk of being on a 'sitting pretty' outpost with no clera role. There is
pressure on the c5 pawn, but no 'neutral' way to strengthen it, and in any
case, with the bishop sitting on a3, would we really want to win it any way.
Without this bishop though, black's position would come to life - c5 would
fall, and the king's position on d2 might start to look decidedly complacent.
Hence....} Rb4 $3 {[%mdl 512]} 28. Bxb4 axb4 {[%csl Ra4,Rc5,Rd2,Re4] A huge
energy in black's position is unleashed.} 29. Ng4 Nxc5 30. Nf6+ Ke7 {I think
white could have defended better in the remainder, but in any case the
contrast between white's lack of any punch against black's king, and the ton
of open lines which open up against whites is striking.} 31. Rb1 Qa5 32. h5 d4
33. Qf3 b3+ 34. Kc1 Nd3+ $1 $19 35. Qxd3 Bxd3 36. Rxd3 Qxe5 37. Rf3 Qe1+ 38.
Kb2 Qe2 39. Rc1 Rb8 0-1

[Event "BEL-ch"]
[Site "Eupen"]
[Date "2003.07.05"]
[Round "1"]
[White "Saiboulatov, Danial"]
[Black "Michiels, Bart"]
[Result "0-1"]
[WhiteElo "2366"]
[BlackElo "2376"]
[Annotator "Winants,L"]
[PlyCount "50"]
[EventDate "2003.07.05"]
[EventType "swiss"]
[EventRounds "9"]
[EventCountry "BEL"]
[SourceTitle "CBM 095 Extra"]
[Source "ChessBase"]
[SourceDate "2003.09.04"]
[SourceVersion "1"]
[SourceVersionDate "2003.09.04"]
[SourceQuality "1"]

1. e4 e6 2. d4 d5 3. Nc3 Nf6 4. Bg5 Bb4 {La défense Mc Cutcheon, ainsi nommée
en hommage au joueur américain qui avait réussi а battre le champion du monde
William Steinitz, lors d'une séance de parties simultanées, donnée au
Manhattan Chess Club de New York en 1885.} 5. e5 h6 6. Bd2 {La réplique
consacrée : les Noirs abandonnent les deux Fous, pour avancer leur Cavalier
sur e4.} Bxc3 7. bxc3 Ne4 8. Qg4 g6 9. Bd3 Bd7 {L'une des innombrables
inventions de Murey ; les Noirs renoncent а l'échange sur d2 et n'hésitent pas
а sacrifier pion, pour instaurer le blocus des cases blanches.} 10. Nf3 ({
L'approche du GMI français Eloi Relange me parait très intéressante :} 10. Bxe4
dxe4 11. Ne2 {vers g3, puis e4 et finalement f6.} Bc6 12. Ng3 Qd5 13. Nf1 $1
Nd7 14. Ne3 Qb5 15. a4 Qa6 16. c4 {а l'avantage des Blancs ; Relange-Kaminik,
Paris 1998}) 10... Bc6 11. h4 {Dans ce type de position, le pion est
généralement avancé jusque h5, dans le but de provoquer g5, puis de dégager la
colonne -f-, par la poussée sur f4. Ce plan se révèle donc moins efficace
quand le Cavalier est en déjà développé en f3.} ({Une suite plus énergique :} 
11. O-O Nd7 12. c4 $1 {Eliminant d'un seul coup les pions doublés ;
Zelcic-Kaminik, 1996}) 11... Nd7 12. Qf4 {Pris au dépourvu, Saiboulatov ne
parvient pas а dresser un plan adéquat et tombe rapidement dans une position
inférieure.} Qe7 13. O-O {Et maintenant ce roque paraît évidemment contraire а
l'idée du onzième coup.} O-O-O 14. Bc1 Rdg8 {L'artillerie vient soutenir
l'infanterie.} 15. Qe3 g5 16. hxg5 $2 {Le sympathique joueur montois n'était
manifestement pas dans son meilleur jour. Cette prise n'ouvre les lignes qu'au
bénéfice de l'ennemi.} (16. h5 {s'imposait.}) 16... hxg5 17. Bxe4 {Espérant
capturer g5 dans de bonnes conditions, mais les Noirs disposent d'un joli coup
intermédiaire.} g4 $1 {L'arrivée de la Dame sur h4 menace.} 18. g3 dxe4 19. Nh4
Nb6 {L'idée même de Murey, toutes les cases blanches s'effondrent.} 20. a4 Nd5
21. Qd2 e3 $1 {Le Bc6 ne tardera pas а jouer un rôle important le long de la
grande diagonale.} 22. fxe3 Nxc3 {Il devait y avoir plusieurs façons de
procéder. En voici une, qui était apparemment encore plus rapide :} (22... Rxh4
$1 23. gxh4 g3 {suivi de Qxh4. Une variante :} 24. e4 Qxh4 25. exd5 ({ou} 25.
Qh6 Qxe4 26. Rxf7 Nf4 27. Rf8+ Kd7 28. Rf7+ Ke8 {et gagne.}) 25... Bxd5 26. Qh6
Rh8 27. Qxh4 Rxh4 {et mat en deux coups.}) 23. Ba3 (23. Qxc3 {ne sauvait pas
la partie non plus. En voici la démonstration :} Rxh4 24. Ba3 (24. gxh4 Qxh4
25. e4 g3 26. Qd2 Bxe4 27. Qh6 Rh8 28. Qxh4 Rxh4 {Le mat suit}) (24. d5 Bxd5
25. e4 Bxe4 26. gxh4 Qxh4 27. Rxf7 Bc6 {Les Noirs doivent l'emporter}) 24...
Qg5 25. Kf2 ({Sur} 25. d5 Bxd5 26. e4 Rgh8 27. gxh4 Qxh4 28. Qd2 g3 29. Qg2
Qxe4 $1 {force encore le mat.}) 25... Rh2+ 26. Ke1 Rxc2 $1 27. Qxc2 Qxe3+ 28.
Qe2 (28. Kd1 Qxd4+ 29. Ke2 Rh8) 28... Qc3+ 29. Kf2 Rh8 $1 {et les Blancs sont
perdus.}) 23... Rxh4 24. gxh4 {Perd joliment, mais supposons :} ({a)} 24. Bxe7
Rh1+ 25. Kf2 Ne4+ 26. Ke1 (26. Ke2 Rh2+) 26... Rxf1+ 27. Kxf1 Nxd2+ {et reste
avec une pièce de plus.}) ({b)} 24. Qxc3 {revenait par interversion des coups
а la note précédente.}) 24... Qxh4 25. Qh2 {[#]} g3 $1 {La touche finale : la
Dame ne peut être prise sous peine du Cavalier sur e2. 26. Les Blancs
abandonnent.} 0-1